| Поле | Инд. | ПП | Название | Значение |
|---|---|---|---|---|
| Тип записи | a | |||
| Библиографический уровень | a | |||
| 001 | Контрольный номер | 5ef5711308bc44e98dde5e4a5cada97e | ||
| 005 | Дата корректировки | 20170315154454.4 | ||
| 020 | a | ISBN | 5-02-008878-1 | |
| 040 | a | Служба первич. каталог. | НБ ТвГУ | |
| b | Код языка каталог. | rus | ||
| e | Правила каталог. | PSBO | ||
| 041 | 0_ | a | Код языка текста | rus |
| 097 | b | Оператор | novikova | |
| 100 | 1_ | a | Автор | Рентола Киммо |
| q | Полное имя | Рентола К. | ||
| 245 | 10 | a | Заглавие | Весна 1948 года: какой путь выберет Финляндия? |
| c | Ответственность | пер. с англ. М. Л. Коробочкина | ||
| 260 | a | Место издания | Москва | |
| b | Издательство | Наука | ||
| 504 | a | Библиография | Библиогр.: с. 82-89 (93 назв.) | |
| 520 | 0_ | a | Аннотация | Статья посвящена политическим событиям в Финляндии 1948 г., связанные с КПФ и СДП. |
| 653 | 0_ | a | Ключевые слова | 1948 г. |
| a | Ключевые слова | Финляндия, страна | ||
| a | Ключевые слова | Коммунистическая партия Финляндии | ||
| a | Ключевые слова | СДП | ||
| a | Ключевые слова | Финский вопрос | ||
| a | Ключевые слова | СССР, страна | ||
| 700 | 12 | a | Другие авторы | Коробочкин М. Л. |
| e | Роль лиц | авт. пер. | ||
| 773 | 18 | w | Контрольный № источника | RU/IS/BASE/318428008 |
| t | Название источника | Северная Европа | ||
| d | Место и дата издания | Москва : Наука, 2003 | ||
| g | Прочая информация | Вып. 4. - С. 61-89 | ||
| 901 | t | Тип документа | a | |
| 920 | a | Оператор | Нови |